000 00756cam a22002773a 4500
001 2690
003 PGUSA
005 20140828083020.0
008 010601s2001||||xxu|||||s|||||000 | eng d
040 _aPGUSA
_beng
042 _adc
050 4 _aQE
100 1 _aDarwin, Charles,
_d1809-1882
245 1 0 _aCoral Reefs
_h[electronic resource] /
_cCharles Darwin
260 _bProject Gutenberg,
_c2001
506 _aPublic domain in the USA.
516 _aElectronic text
653 _aCoral reefs and islands
653 _aBeagle Expedition (1831-1836)
653 _aVolcanoes
653 _aGeology -- South America
653 _aIslands
830 0 _aProject Gutenberg
_v2690
856 4 0 _uhttp://www.gutenberg.org/ebooks/2690
942 _cEB
999 _c232023
_d232023